000 00426nam a22001817a 4500
003 OSt
005 20250401145517.0
008 250401b |||||||| |||| 00| 0 eng d
020 _a9789393050083
082 _a8H3
_bVIVS
100 _aVivekananda, Swami
245 _aSwami Vivekananda sahitya
260 _aGurugram
_bLexicon Books
300 _a411p.
546 _aHindi
651 _aHindi Fiction
942 _2ddc
_cBK
999 _c3747
_d3747